<?xml version="1.0" encoding="UTF-8"?>
<resp>
  <nextPage>https://data.bn.org.pl/api/networks/bibs.marcxml?marc=001+b1000002366557&amp;sinceId=1000002366558</nextPage>
  <collection>
    <record xmlns='http://www.loc.gov/MARC21/slim'><leader>06533nam a2201609 i 4500</leader><controlfield tag='001'>b1000002366557</controlfield><controlfield tag='005'>20260510073141.0</controlfield><controlfield tag='008'>220302s2005    pl ac        |000 0bpol c</controlfield><controlfield tag='009'>9912647498605606</controlfield><datafield ind1=' ' ind2=' ' tag='015'><subfield code='a'>UWD 2022/26183</subfield></datafield><datafield ind1=' ' ind2=' ' tag='020'><subfield code='a'>8389571935</subfield><subfield code='q'>(Edipresse)</subfield></datafield><datafield ind1=' ' ind2=' ' tag='035'><subfield code='a'>zz2005853311</subfield></datafield><datafield ind1=' ' ind2=' ' tag='035'><subfield code='a'>(PL)b1000002366557</subfield></datafield><datafield ind1=' ' ind2=' ' tag='040'><subfield code='a'>WA N</subfield><subfield code='c'>WA N</subfield><subfield code='d'>WA N</subfield></datafield><datafield ind1='1' ind2=' ' tag='041'><subfield code='a'>pol</subfield><subfield code='h'>und</subfield></datafield><datafield ind1=' ' ind2=' ' tag='044'><subfield code='a'>gw</subfield><subfield code='a'>pl</subfield></datafield><datafield ind1='2' ind2=' ' tag='045'><subfield code='b'>d1571</subfield><subfield code='b'>d1610</subfield></datafield><datafield ind1=' ' ind2=' ' tag='046'><subfield code='k'>2005</subfield></datafield><datafield ind1=' ' ind2=' ' tag='080'><subfield code='8'>1.1\x</subfield><subfield code='a'>75.071(450)</subfield></datafield><datafield ind1=' ' ind2=' ' tag='080'><subfield code='8'>1.2\x</subfield><subfield code='a'>929-052(450)&quot;15&quot;</subfield></datafield><datafield ind1=' ' ind2=' ' tag='080'><subfield code='8'>1.3\x</subfield><subfield code='a'>929-052(450)&quot;16&quot;</subfield></datafield><datafield ind1=' ' ind2=' ' tag='084'><subfield code='a'>02</subfield></datafield><datafield ind1='1' ind2=' ' tag='100'><subfield code='a'>Lambert, Gilles</subfield><subfield code='d'>(1928-2011 )</subfield><subfield code='e'>Autor</subfield></datafield><datafield ind1='1' ind2='0' tag='245'><subfield code='a'>Caravaggio :</subfield><subfield code='b'>1571-1610 /</subfield><subfield code='c'>Gilles Lambert ; pod redakcją Gilles&apos;a Néreta ; [tłumaczenie: Edyta Tomczyk].</subfield></datafield><datafield ind1='1' ind2=' ' tag='246'><subfield code='i'>Tytuł oryginału:</subfield><subfield code='a'>Caravaggio:</subfield><subfield code='b'>1571-1610,</subfield><subfield code='f'>2005</subfield></datafield><datafield ind1=' ' ind2=' ' tag='260'><subfield code='a'>Köln :</subfield><subfield code='b'>Taschen ;</subfield><subfield code='a'>Warszawa :</subfield><subfield code='b'>Edipresse Polska S.A.,</subfield><subfield code='c'>2005.</subfield></datafield><datafield ind1=' ' ind2=' ' tag='300'><subfield code='a'>96 stron :</subfield><subfield code='b'>ilustracje, portrety ;</subfield><subfield code='c'>23 cm.</subfield></datafield><datafield ind1=' ' ind2=' ' tag='336'><subfield code='a'>Tekst</subfield><subfield code='b'>txt</subfield><subfield code='2'>rdacontent</subfield></datafield><datafield ind1=' ' ind2=' ' tag='337'><subfield code='a'>Bez urządzenia pośredniczącego</subfield><subfield code='b'>n</subfield><subfield code='2'>rdamedia</subfield></datafield><datafield ind1=' ' ind2=' ' tag='338'><subfield code='a'>Wolumin</subfield><subfield code='b'>nc</subfield><subfield code='2'>rdacarrier</subfield></datafield><datafield ind1=' ' ind2=' ' tag='380'><subfield code='a'>Książki</subfield></datafield><datafield ind1=' ' ind2=' ' tag='380'><subfield code='a'>Publikacje popularnonaukowe</subfield></datafield><datafield ind1=' ' ind2=' ' tag='380'><subfield code='a'>Albumy i książki artystyczne</subfield></datafield><datafield ind1=' ' ind2=' ' tag='388'><subfield code='a'>2001-</subfield></datafield><datafield ind1=' ' ind2=' ' tag='500'><subfield code='a'>Na stronie tytułowej i okładce nazwa wydawcy niemieckiego: Taschen. 4 na grzbiecie oznacza numerację albumu z kolekcji Przekroju &quot;Malarze Świata&quot;.</subfield></datafield><datafield ind1='1' ind2='7' tag='600'><subfield code='a'>Caravaggio, Michelangelo Merisi da</subfield><subfield code='d'>(1571-1610)</subfield><subfield code='2'>DBN</subfield></datafield><datafield ind1=' ' ind2='7' tag='648'><subfield code='a'>1501-1600</subfield><subfield code='2'>DBN</subfield></datafield><datafield ind1=' ' ind2='7' tag='648'><subfield code='a'>1601-1700</subfield><subfield code='2'>DBN</subfield></datafield><datafield ind1=' ' ind2='7' tag='650'><subfield code='a'>Malarstwo włoskie</subfield><subfield code='2'>DBN</subfield></datafield><datafield ind1=' ' ind2='7' tag='650'><subfield code='a'>Malarze włoscy</subfield><subfield code='2'>DBN</subfield></datafield><datafield ind1=' ' ind2='7' tag='651'><subfield code='a'>Włochy</subfield><subfield code='2'>DBN</subfield></datafield><datafield ind1=' ' ind2='7' tag='655'><subfield code='a'>Biografia</subfield><subfield code='2'>DBN</subfield></datafield><datafield ind1=' ' ind2='7' tag='655'><subfield code='a'>Publikacja bogato ilustrowana</subfield><subfield code='2'>DBN</subfield></datafield><datafield ind1=' ' ind2=' ' tag='658'><subfield code='a'>Historia</subfield></datafield><datafield ind1=' ' ind2=' ' tag='658'><subfield code='a'>Kultura i sztuka</subfield></datafield><datafield ind1='1' ind2=' ' tag='700'><subfield code='a'>Néret, Gilles</subfield><subfield code='d'>(1933-2005)</subfield><subfield code='e'>Redakcja</subfield></datafield><datafield ind1='1' ind2=' ' tag='700'><subfield code='a'>Tomczyk, Edyta</subfield><subfield code='c'>(tłumaczka)</subfield><subfield code='e'>Tłumaczenie</subfield></datafield><datafield ind1='1' ind2=' ' tag='710'><subfield code='a'>Taschen</subfield><subfield code='e'>Wydawca</subfield><subfield code='4'>pbl</subfield></datafield><datafield ind1='1' ind2=' ' tag='710'><subfield code='a'>Edipresse Polska</subfield><subfield code='e'>Wydawca</subfield><subfield code='4'>pbl</subfield></datafield><datafield ind1=' ' ind2=' ' tag='830'><subfield code='a'>Kolekcja &quot;Przekroju&quot;. Malarze Świata</subfield><subfield code='v'>4</subfield></datafield><datafield ind1=' ' ind2=' ' tag='852'><subfield code='8'>22806187910008206</subfield><subfield code='j'>1</subfield><subfield code='b'>BISZ</subfield><subfield code='p'>SZ-001833</subfield><subfield code='c'>CZYT6</subfield></datafield><datafield ind1=' ' ind2=' ' tag='852'><subfield code='8'>22805628290008210</subfield><subfield code='j'>1</subfield><subfield code='b'>F20</subfield><subfield code='p'>10138124</subfield><subfield code='c'>lok20</subfield></datafield><datafield ind1=' ' ind2=' ' tag='852'><subfield code='8'>2220039630007766</subfield><subfield code='j'>1</subfield><subfield code='b'>BG_ZAM_1</subfield><subfield code='p'>10304339</subfield><subfield code='c'>ZAM1_BDM_W</subfield><subfield code='z'>57706BDM</subfield></datafield><datafield ind1=' ' ind2=' ' tag='852'><subfield code='8'>226420300008218</subfield><subfield code='j'>0</subfield><subfield code='b'>TL_3_1</subfield><subfield code='p'>W02498</subfield><subfield code='c'>TL_3_1_1</subfield></datafield><datafield ind1=' ' ind2=' ' tag='852'><subfield code='8'>2220039590007766</subfield><subfield code='j'>1</subfield><subfield code='b'>BG_ZAM_1</subfield><subfield code='p'>10301504</subfield><subfield code='c'>ZAM1_WYP</subfield><subfield code='z'>201859K</subfield></datafield><datafield ind1=' ' ind2=' ' tag='852'><subfield code='8'>2213167870008005</subfield><subfield code='j'>1</subfield><subfield code='b'>SW2_5_1</subfield><subfield code='p'>SW2_5_06377</subfield><subfield code='c'>SW2_5_1_1</subfield></datafield><datafield ind1=' ' ind2=' ' tag='852'><subfield code='8'>2212266750007767</subfield><subfield code='j'>1</subfield><subfield code='b'>BG MPBP Zgierz</subfield><subfield code='p'>20035570</subfield><subfield code='c'>KZ</subfield></datafield><datafield ind1=' ' ind2=' ' tag='852'><subfield code='8'>2281770190007411</subfield><subfield code='j'>1</subfield><subfield code='b'>BU</subfield><subfield code='p'>651541</subfield><subfield code='c'>ZS</subfield><subfield code='z'>K/405/07</subfield></datafield><datafield ind1=' ' ind2=' ' tag='852'><subfield code='8'>2212266730007767</subfield><subfield code='j'>1</subfield><subfield code='b'>ZGI_6_ST</subfield><subfield code='p'>ST-33978</subfield><subfield code='c'>ST</subfield></datafield><datafield ind1=' ' ind2=' ' tag='852'><subfield code='8'>226746720008005</subfield><subfield code='j'>1</subfield><subfield code='b'>SW2_4_4</subfield><subfield code='p'>MBPSF6-0009338</subfield><subfield code='c'>SW2_4_4_2</subfield></datafield><datafield ind1=' ' ind2=' ' tag='852'><subfield code='8'>228735190008003</subfield><subfield code='j'>1</subfield><subfield code='b'>LOW_3_1</subfield><subfield code='p'>350021848000</subfield><subfield code='c'>LOW_3_1_3</subfield></datafield><datafield ind1=' ' ind2=' ' tag='852'><subfield code='8'>2225476050008004</subfield><subfield code='j'>1</subfield><subfield code='b'>SW1_4</subfield><subfield code='p'>27424</subfield><subfield code='c'>SW1_4_4</subfield></datafield><datafield ind1=' ' ind2=' ' tag='852'><subfield code='b'>48OMNIS_UOP</subfield><subfield code='8'>990006873070108206</subfield></datafield><datafield ind1=' ' ind2=' ' tag='852'><subfield code='b'>48UWM_INST</subfield><subfield code='8'>990007689350107411</subfield></datafield><datafield ind1=' ' ind2=' ' tag='852'><subfield code='b'>48OMNIS_ZAM</subfield><subfield code='8'>991003849904607766</subfield></datafield><datafield ind1=' ' ind2=' ' tag='852'><subfield code='b'>48OMNIS_WIE</subfield><subfield code='8'>991000364089707773</subfield></datafield><datafield ind1=' ' ind2=' ' tag='852'><subfield code='b'>48OMNIS_LOW</subfield><subfield code='8'>991000074449508003</subfield></datafield><datafield ind1=' ' ind2=' ' tag='852'><subfield code='b'>48OMNIS_SW2</subfield><subfield code='8'>991000514929508005</subfield></datafield><datafield ind1=' ' ind2=' ' tag='852'><subfield code='8'>2281770230007411</subfield><subfield code='j'>0</subfield><subfield code='b'>BU</subfield><subfield code='p'>563381</subfield><subfield code='c'>SK</subfield><subfield code='z'>K/641/05</subfield></datafield><datafield ind1=' ' ind2=' ' tag='852'><subfield code='8'>2226211910007770</subfield><subfield code='j'>1</subfield><subfield code='b'>TOM_2_GBP</subfield><subfield code='p'>000021417000</subfield><subfield code='c'>A</subfield></datafield><datafield ind1=' ' ind2=' ' tag='852'><subfield code='8'>2225476030008004</subfield><subfield code='j'>1</subfield><subfield code='b'>SW1_6_1</subfield><subfield code='p'>000005896600</subfield><subfield code='c'>SW1_6_1_1</subfield></datafield><datafield ind1=' ' ind2=' ' tag='852'><subfield code='b'>48OMNIS_NETWORK</subfield><subfield code='8'>9912647498605606</subfield></datafield><datafield ind1=' ' ind2=' ' tag='852'><subfield code='b'>48OMNIS_BE</subfield><subfield code='8'>991000581639707666</subfield></datafield><datafield ind1=' ' ind2=' ' tag='852'><subfield code='b'>48OMNIS_NLOP</subfield><subfield code='8'>991052983416005066</subfield></datafield><datafield ind1=' ' ind2=' ' tag='852'><subfield code='b'>48OMNIS_WBP</subfield><subfield code='8'>990004768220308414</subfield></datafield><datafield ind1=' ' ind2=' ' tag='852'><subfield code='b'>48OMNIS_KBP</subfield><subfield code='8'>990007187250108412</subfield></datafield><datafield ind1=' ' ind2=' ' tag='852'><subfield code='b'>48OMNIS_MBP</subfield><subfield code='8'>990001628140207662</subfield></datafield><datafield ind1=' ' ind2=' ' tag='852'><subfield code='b'>48OMNIS_MBPG</subfield><subfield code='8'>991000819129708210</subfield></datafield><datafield ind1=' ' ind2=' ' tag='852'><subfield code='8'>2244527300007666</subfield><subfield code='j'>1</subfield><subfield code='b'>BNiL</subfield><subfield code='p'>100111486000</subfield><subfield code='c'>PARTER</subfield></datafield><datafield ind1=' ' ind2=' ' tag='852'><subfield code='8'>2232128040007770</subfield><subfield code='j'>1</subfield><subfield code='b'>TOM_3</subfield><subfield code='p'>10000677</subfield><subfield code='c'>WD</subfield></datafield><datafield ind1=' ' ind2=' ' tag='852'><subfield code='b'>48OMNIS_CHE</subfield><subfield code='8'>9980888907771</subfield></datafield><datafield ind1=' ' ind2=' ' tag='852'><subfield code='b'>48OMNIS_TL</subfield><subfield code='8'>991000056669708218</subfield></datafield><datafield ind1=' ' ind2=' ' tag='852'><subfield code='8'>2234882720007771</subfield><subfield code='j'>1</subfield><subfield code='b'>CHE_1_BG</subfield><subfield code='p'>K096806</subfield><subfield code='c'>W</subfield></datafield><datafield ind1=' ' ind2=' ' tag='852'><subfield code='b'>48OMNIS_TOM</subfield><subfield code='8'>991002277069007770</subfield></datafield><datafield ind1=' ' ind2=' ' tag='852'><subfield code='8'>2220039610007766</subfield><subfield code='j'>1</subfield><subfield code='b'>BG_ZAM_1</subfield><subfield code='p'>10170720</subfield><subfield code='c'>ZAM1_CZYT</subfield><subfield code='z'>200899K</subfield></datafield><datafield ind1=' ' ind2=' ' tag='852'><subfield code='b'>48OMNIS_ZGI</subfield><subfield code='8'>991000341629707767</subfield></datafield><datafield ind1=' ' ind2=' ' tag='852'><subfield code='8'>2281770250007411</subfield><subfield code='j'>1</subfield><subfield code='b'>BU</subfield><subfield code='p'>792808</subfield><subfield code='c'>DZKN</subfield><subfield code='z'>K/931/07</subfield></datafield><datafield ind1=' ' ind2=' ' tag='852'><subfield code='b'>48OMNIS_SW1</subfield><subfield code='8'>991656980157008004</subfield></datafield><datafield ind1=' ' ind2=' ' tag='852'><subfield code='8'>22805628240008210</subfield><subfield code='j'>1</subfield><subfield code='b'>F06</subfield><subfield code='p'>10508633</subfield><subfield code='c'>lok06</subfield></datafield><datafield ind1=' ' ind2=' ' tag='852'><subfield code='8'>225803940007773</subfield><subfield code='j'>1</subfield><subfield code='b'>WIE_1_BG</subfield><subfield code='p'>550111959000</subfield><subfield code='c'>2</subfield></datafield><datafield ind1=' ' ind2=' ' tag='852'><subfield code='8'>22704741600005066</subfield><subfield code='j'>1</subfield><subfield code='h'>3.217.999 A</subfield><subfield code='b'>BN_PL</subfield><subfield code='p'>30001029062339</subfield><subfield code='c'>bk1</subfield></datafield><datafield ind1=' ' ind2=' ' tag='852'><subfield code='8'>22726377500005066</subfield><subfield code='j'>1</subfield><subfield code='h'>3.663.916</subfield><subfield code='b'>BN_PL</subfield><subfield code='p'>30001033753018</subfield><subfield code='c'>bk8</subfield></datafield><datafield ind1=' ' ind2=' ' tag='852'><subfield code='8'>22742924450008414</subfield><subfield code='j'>1</subfield><subfield code='b'>143WG</subfield><subfield code='p'>14301-100451561</subfield><subfield code='c'>W</subfield><subfield code='z'>Wariant wydania: 2005</subfield></datafield><datafield ind1=' ' ind2=' ' tag='852'><subfield code='8'>22742924480008414</subfield><subfield code='j'>1</subfield><subfield code='b'>143CZ</subfield><subfield code='p'>14301-100321179</subfield><subfield code='c'>DOWYP</subfield><subfield code='z'>Wariant wydania: 2005</subfield></datafield><datafield ind1=' ' ind2=' ' tag='852'><subfield code='8'>22753592340008412</subfield><subfield code='j'>1</subfield><subfield code='b'>09</subfield><subfield code='p'>12889662</subfield><subfield code='c'>09WYP</subfield></datafield><datafield ind1=' ' ind2=' ' tag='852'><subfield code='8'>2275009830007662</subfield><subfield code='j'>1</subfield><subfield code='b'>16</subfield><subfield code='p'>4000386596</subfield><subfield code='c'>16</subfield></datafield><datafield ind1=' ' ind2=' ' tag='852'><subfield code='8'>2275009890007662</subfield><subfield code='j'>1</subfield><subfield code='b'>08</subfield><subfield code='p'>4000378131</subfield><subfield code='c'>08</subfield></datafield><datafield ind1=' ' ind2=' ' tag='852'><subfield code='8'>2275009910007662</subfield><subfield code='j'>0</subfield><subfield code='b'>05</subfield><subfield code='p'>4000569617</subfield><subfield code='c'>U05</subfield></datafield><datafield ind1=' ' ind2=' ' tag='852'><subfield code='8'>2275009800007662</subfield><subfield code='j'>0</subfield><subfield code='b'>22</subfield><subfield code='p'>4000385309</subfield><subfield code='c'>U22</subfield></datafield><datafield ind1=' ' ind2=' ' tag='852'><subfield code='8'>2275009720007662</subfield><subfield code='j'>0</subfield><subfield code='b'>45</subfield><subfield code='p'>4000375863</subfield><subfield code='c'>U45</subfield></datafield><datafield ind1=' ' ind2=' ' tag='852'><subfield code='8'>2275009740007662</subfield><subfield code='j'>1</subfield><subfield code='b'>42</subfield><subfield code='p'>4000675563</subfield><subfield code='c'>42</subfield></datafield><datafield ind1=' ' ind2=' ' tag='852'><subfield code='8'>2275009850007662</subfield><subfield code='j'>1</subfield><subfield code='b'>11</subfield><subfield code='p'>4001157884</subfield><subfield code='c'>11</subfield></datafield><datafield ind1=' ' ind2=' ' tag='852'><subfield code='8'>2275009780007662</subfield><subfield code='j'>1</subfield><subfield code='b'>29</subfield><subfield code='p'>4000393348</subfield><subfield code='c'>29</subfield></datafield><datafield ind1=' ' ind2=' ' tag='852'><subfield code='8'>2275009760007662</subfield><subfield code='j'>1</subfield><subfield code='b'>37</subfield><subfield code='p'>4000374752</subfield><subfield code='c'>37</subfield></datafield><datafield ind1=' ' ind2=' ' tag='852'><subfield code='8'>2275009870007662</subfield><subfield code='j'>1</subfield><subfield code='b'>10</subfield><subfield code='p'>4000844342</subfield><subfield code='c'>10</subfield></datafield><datafield ind1=' ' ind2=' ' tag='852'><subfield code='8'>22108203690007662</subfield><subfield code='j'>0</subfield><subfield code='b'>16</subfield><subfield code='p'>4000386595</subfield><subfield code='c'>U16</subfield></datafield><datafield ind1=' ' ind2=' ' tag='852'><subfield code='8'>22805628100008210</subfield><subfield code='j'>1</subfield><subfield code='b'>F03</subfield><subfield code='p'>10272750</subfield><subfield code='c'>lok03</subfield></datafield><datafield ind1=' ' ind2=' ' tag='852'><subfield code='8'>22805628120008210</subfield><subfield code='j'>0</subfield><subfield code='b'>F11</subfield><subfield code='p'>10223981</subfield><subfield code='c'>lok11</subfield></datafield><datafield ind1=' ' ind2=' ' tag='852'><subfield code='8'>22805628260008210</subfield><subfield code='j'>1</subfield><subfield code='b'>F16</subfield><subfield code='p'>10196367</subfield><subfield code='c'>UBYTKI_F16</subfield></datafield><datafield ind1=' ' ind2=' ' tag='852'><subfield code='8'>22805628290008210</subfield><subfield code='j'>1</subfield><subfield code='b'>F20</subfield><subfield code='p'>10196362</subfield><subfield code='c'>lok20</subfield></datafield><datafield ind1=' ' ind2=' ' tag='852'><subfield code='8'>22806120650008210</subfield><subfield code='j'>1</subfield><subfield code='b'>C</subfield><subfield code='p'>10196357</subfield><subfield code='c'>UBYTKI_C</subfield></datafield><datafield ind1=' ' ind2=' ' tag='852'><subfield code='8'>22805628220008210</subfield><subfield code='j'>1</subfield><subfield code='b'>C</subfield><subfield code='p'>12126747</subfield><subfield code='c'>lokC</subfield></datafield><datafield ind1=' ' ind2=' ' tag='920'><subfield code='a'>83-89571-93-5 (Edipresse)</subfield></datafield></record>
  </collection>
</resp>
